Statistiques concernant Les pilotes Toro Rosso en Formule 1

Cliquez ici pour prendre le quiz!

Statistiques générales

  • Ce quiz a été pris 78 fois
    (37 depuis la dernière actualisation)
  • Le résultat moyen est 14 sur 19

Statistiques - réponses

Année Pilote n°1 Pilote n°2 Pilote n°3 Pilote n°4 % Correct
2018Pierre GaslyBrendon Hartley
100%
2019Daniil KvyatAlexander AlbonPierre Gasly
94%
Sebastian Vettel
94%
2012Daniel RicciardoJean-Eric Vergne
88%
2015Max VerstappenCarlos Sainz Jr.
88%
Alexander Albon
88%
2013Jean-Eric VergneDaniel Ricciardo
79%
2008Sébastien BourdaisSebastian Vettel
76%
2017Carlos Sainz Jr.Daniil KvyatPierre GaslyBrendon Hartley
76%
2010Sébastien BuemiJaime Alguersuari
73%
Brendon Hartley
64%
2006Vitantonio LiuzziScott Speed
58%
Scott Speed
55%
Jaime Alguersuari
45%

Distribution des résultats

Percentile par nombre de réponses

% des personnes avec chaque résultat

Votre développement - résultats

Vous n’avez pas pris ce quiz depuis la dernière actualisation